Aká je výška daňového úveru pri začatí podnikania?

Bibliographic Details
Main Author: Burák, Emil, 1963- (Author)
Format: Article
Language:Slovak
ISSN:1335-4329
Subjects:

MARC

LEADER 00000nab a2200000 a 4500
001 vtls000689644
003 SK-MaSNL
005 20260304092758.0
008 250425c1999 xo 0 slo
015 |a SNBRB1999/06-14722 
035 |a CLN000041811 
035 |a urn:nbn:sk:snk-ab761r 
035 |a (uuid)cf7cd49a-7949-43fb-a36b-b862e13ca352 
035 |a (urnnbn)urn:nbn:sk:snk:ar-a07180 
035 |a (sysno)vtls000689644 
040 |a SNKBUCL  |b slo  |c SNKBUCL  |e AACR2 
041 0 |a slo 
044 |a xo  |c SK 
080 |a 336.2.027.7/.8  |2 1997 
100 1 |a Burák, Emil,  |d 1963-  |4 aut  |9 231617 
245 1 0 |a Aká je výška daňového úveru pri začatí podnikania?  |c Emil Burák 
650 0 7 |a podnikanie  |x úľavy daňové  |x úvery daňové  |2 snkbucl  |9 1215911 
650 0 7 |a daňové úľavy  |2 snkbucl  |9 14758 
650 0 7 |a úvery daňové  |2 snkbucl  |9 849144 
655 7 |a články z novín a časopisov  |2 snkbucl  |9 267496 
773 0 |t Mzdy a financie  |g Roč. 6, č. 11 (1999), s. 28-31  |x 1335-4329 
850 |a Slovenská národná knižnica 
852 |a Slovenská národná knižnica 
954 |a odborná, vedecká literatúra pôvodná (slovenská)  |2 lita 
958 |a article27 
958 |a SK 
958 |a OND 
958 |a EUIPO 
999 |c 2820295  |d 2822225